| 000 | 01270nam a2200301 a 4500 | ||
|---|---|---|---|
| 003 | MX-MxUPN | ||
| 005 | 20240925064324.0 | ||
| 008 | 010918s1903 fr 001 0 spa d | ||
| 035 | _aUPN01000111725 | ||
| 040 |
_aMX-MxUPN _bspa _cMX-MxUPN |
||
| 041 | _aspa | ||
| 050 | 0 | 4 |
_aLB1115 _bA47 1903 |
| 100 | 1 |
_aAlcántara García, Pedro de _928696 |
|
| 245 | 1 | 0 |
_aTeoría y práctica de la educación y la enseñanza : _bcurso completo y enciclopédico de pedagogía : expuesto conforme a un método rigurosamente didáctico |
| 250 | _aSegunda edición | ||
| 260 |
_aMadrid : _bSucesores de Hernando, _c1904. |
||
| 300 | _avolúmenes | ||
| 500 | _aLa biblioteca tiene el v.4, v.7 y v.8 | ||
| 650 | 4 |
_aEducación _xEstudio y enseñanza _91553 |
|
| 650 | 4 |
_aPsicopedagogía _95085 |
|
| 650 | 4 |
_aNiño, Estudio del _9221 |
|
| 710 | 2 |
_951335 _aMuseo Pedagógico Nacional (México) _epropietario anterior |
|
| 710 | 1 |
_951349 _aMéxico. _bSecretaría de Educación Pública. _bBiblioteca Pública _epropietario anterior |
|
| 775 | 0 | _tTeoría y práctica de la educación y la enseñanza : curso completo y enciclopédico de pedagogía : expuesto conforme a un método rigurosamente didáctico | |
| 902 | _bMaríaRobles/120624 | ||
| 905 | _aLibro | ||
| 942 |
_2lcc _cLIBRO _n0 |
||
| 999 |
_c85633 _d85633 |
||